000 00595nam a2200229Ia 4500
008 210210b1930 xxu||||| |||| 00| 0 eng d
041 _aeng
082 _a954/722
100 _aSASTRY (Sadhu Subramanya)
245 _aReport on the inscriptions of the devasthanam collection with illustrations
260 _aMadras
_bTirupati Sri Mahants Press
_c1930
300 _a421
650 _awith
650 _aReport
650 _aon
650 _ainscriptions
650 _aillustrations
650 _adevasthanam
650 _acollection
690 _aIndian History
906 _a002222
999 _c121161
_d121161